000 00643nam a2200241Ia 4500
003 OSt
005 20221005092935.0
006 a|||||r|||| 00| 0
007 ta
008 221004b |||||||| |||| 00| 0 eng d
024 _a45726
037 _cTextual
040 _aCRL
_cCRL
_beng
041 _2eng
_aeng
082 _aO111,3M40,FF, G2
100 _aHardy Thomas
245 0 _aFar from the madding crowd
260 _aNew York
_bThe Book of League of America USA
_c1932
300 _a476p.
_ccm.
650 _aENGLISH LITERATURE
942 _hO111,3M40,FF, G2
_cTEXL
_2cc
999 _c999582
_d999582